000 00607nam a2200217Ia 4500
001 18983
003 GE_BSU
008 181216s||||||||xx |||||||||||||| ||und||
040 _cGE_BSU
245 _aГеоморфология. №3.2016.
245 _cГл.ред.Чичагов В.П.
250 _aВыходит 4раза в год.
260 _aМосква
260 _bНаука
260 _c2016
300 _a112стр.24см.
520 _aроссийская академия наук
653 _aГеоморфология.
653 _aპერიოდიკა
942 _cCR
999 _c51980
_d51980